000
00254nam a2200097Ia 4500
001
686730
005
20250826161542.0
008
250824s9999 xx 000 0 und d
245
0
_a
Yalnızlık Paylaşılmaz
_c
ÖZDEMİR ASAF
260
_b
YAPI KREDİ YAYINLARI
999
_c
686730
_d
686730